UM Logo

Numeracy among IP students : (Record no. 20362)

MARC details
000 -LEADER
fixed length control field 00730nam a22001817a 4500
005 - DATE AND TIME OF LATEST TRANSACTION
control field 20260401111558.0
008 - FIXED-LENGTH DATA ELEMENTS--GENERAL INFORMATION
fixed length control field 240812b ||||| |||| 00| 0 eng d
082 ## - DEWEY DECIMAL CLASSIFICATION NUMBER
Edition number 2023
Classification number UT
100 ## - MAIN ENTRY--PERSONAL NAME
Personal name Gamban, Ana Mae D.
9 (RLIN) 57443
245 ## - TITLE STATEMENT
Title Numeracy among IP students :
Remainder of title Basis for literacy training service program of teacher education /
Statement of responsibility, etc. Ana Mae D. Gamban, Marian Lou L. Tablo, and Maricar R. Diamonon
260 ## - PUBLICATION, DISTRIBUTION, ETC. (IMPRINT)
Place of publication, distribution, etc. Digos City :
Name of publisher, distributor, etc. UMDC,
Date of publication, distribution, etc. Septemper 2023.
300 ## - PHYSICAL DESCRIPTION
Extent viii, 48 pages :
Dimensions 30 cm.
Other physical details illustrations (some colors) ;
500 ## - GENERAL NOTE
General note Includes references and appendices
650 ## - SUBJECT ADDED ENTRY--TOPICAL TERM
Topical term or geographic name as entry element Education.
General subdivision Undergraduated Thesis.
9 (RLIN) 57436
700 ## - ADDED ENTRY--PERSONAL NAME
Personal name Tablo, Marian Lou L.
9 (RLIN) 57444
700 ## - ADDED ENTRY--PERSONAL NAME
Personal name Diamonon, Maricar R.
9 (RLIN) 57445
942 ## - ADDED ENTRY ELEMENTS (KOHA)
Source of classification or shelving scheme Dewey Decimal Classification
Koha item type Undergraduate Thesis
Holdings
Withdrawn status Lost status Source of classification or shelving scheme Damaged status Not for loan Collection code Home library Current library Date acquired Total Checkouts Full call number Date last seen Price effective from Koha item type
    Dewey Decimal Classification     Undergraduate Theses UM Digos College - LIC UM Digos College - LIC 10/05/2024   UT 08/12/2024 08/12/2024 Undergraduate Thesis